<?xml version="1.0" encoding="UTF-8"?><?xml-stylesheet type="text/xsl" href="static/style.xsl"?><OAI-PMH xmlns="http://www.openarchives.org/OAI/2.0/" xmlns:xsi="http://www.w3.org/2001/XMLSchema-instance" xsi:schemaLocation="http://www.openarchives.org/OAI/2.0/ http://www.openarchives.org/OAI/2.0/OAI-PMH.xsd"><responseDate>2026-05-17T19:42:15Z</responseDate><request verb="GetRecord" identifier="oai:repisalud.isciii.es:20.500.12105/5358" metadataPrefix="marc">https://repisalud.isciii.es/rest/oai/request</request><GetRecord><record><header><identifier>oai:repisalud.isciii.es:20.500.12105/5358</identifier><datestamp>2025-06-03T09:56:57Z</datestamp><setSpec>com_20.500.12105_2405</setSpec><setSpec>com_20.500.12105_2403</setSpec><setSpec>col_20.500.12105_2409</setSpec></header><metadata><record xmlns="http://www.loc.gov/MARC21/slim" xmlns:dcterms="http://purl.org/dc/terms/" xmlns:doc="http://www.lyncode.com/xoai" xmlns:xsi="http://www.w3.org/2001/XMLSchema-instance" xsi:schemaLocation="http://www.loc.gov/MARC21/slim http://www.loc.gov/standards/marcxml/schema/MARC21slim.xsd">
   <leader>00925njm 22002777a 4500</leader>
   <datafield ind2=" " ind1=" " tag="042">
      <subfield code="a">dc</subfield>
   </datafield>
   <datafield ind2=" " ind1=" " tag="720">
      <subfield code="a">González Camacho, Fernando</subfield>
      <subfield code="e">author</subfield>
   </datafield>
   <datafield ind2=" " ind1=" " tag="260">
      <subfield code="c">2015-08</subfield>
   </datafield>
   <datafield ind2=" " ind1=" " tag="520">
      <subfield code="a">La diversidad y la complejidad son características intrínsecas de la vida presentes ya a nivel de las mismas células o unidades vitales mínimas que conforman a todos los seres vivos sin excepción. Nuestro cuerpo contiene alrededor de cuarenta billones de células de formas y tamaños tremendamente diversos, desde los sencillos eritrocitos hasta las neuronas más sofisticadas, con morfologías muy extensas y elaboradas. Las estructuras internas de las células, los orgánulos que albergan, sus dinámicas, las inte-racciones que establecen entre ellas y con el ambiente, su ciclo vital, su respuesta frente a los patógenos y su desregulación en la enfermedad son el centro de muchos de los estudios llevados a cabo en el Instituto de Salud Carlos III. Toda esta complejidad biológica se pone de manifiesto al ser observada a través del microscopio confocal de fluorescencia, haciéndose entonces «visible lo invisible». En las páginas de este volumen podemos admirar desde imágenes de cultivos celulares y componentes subcelulares, como el citoesqueleto o las redes de mitocondrias, hasta imágenes de las células de defensa de nuestro organismo, como macrófagos, neutrófilos y linfocitos, sin olvidar a los patógenos. Este recorrido por los diferentes capí-tulos del libro incluye además imágenes inéditas de las investigaciones desarrolladas en el Instituto de Salud Carlos III, con panorámicas espectaculares de múltiples tejidos y detalles sorprendentes del interior celular.</subfield>
   </datafield>
   <datafield ind1="8" ind2=" " tag="024">
      <subfield code="a">La microscoía confocal en el Instituto de Salud Carlos III / Fernando González Camacho. Madrid: Instituto de Salud Carlos III, 2015</subfield>
   </datafield>
   <datafield ind1="8" ind2=" " tag="024">
      <subfield code="a">10.4321/repisalud.5358</subfield>
   </datafield>
   <datafield ind1="8" ind2=" " tag="024">
      <subfield code="a">725-15-005-5 / 72515004-X</subfield>
   </datafield>
   <datafield ind1="8" ind2=" " tag="024">
      <subfield code="a">http://hdl.handle.net/20.500.12105/5358</subfield>
   </datafield>
   <datafield ind2="0" ind1="0" tag="245">
      <subfield code="a">La microscopía confocal en el Instituto de Salud Carlos III</subfield>
   </datafield>
</record></metadata></record></GetRecord></OAI-PMH>